Kraje najbliżej Finlandii - Statystyki

Ogólne statystyki
  • Ten quiz został rozwiązany 8 956 razy
  • Średni wynik to 18 z 20
Statystyki odpowiedzi
km kraj % Poprawnych
0 Norwegia
99%
603 Polska
99%
0 Rosja
99%
0 Szwecja
99%
378 Litwa
98%
718 Niemcy
98%
47 Estonia
97%
213 Łotwa
97%
575 Dania
94%
470 Białoruś
93%
1044 Czechy
93%
879 Ukraina
93%
1153 Słowacja
92%
1256 Węgry
82%
1262 Austria
80%
1071 Niderlandy
78%
1315 Belgia
77%
1306 Rumunia
71%
1291 Mołdawia
62%
1106 Zjednoczone Królestwo
60%
Nie znaleziono quizów pasujących do podanych kryteriów
Rozkład punktacji
Procent ludzi z każdym wynikiem
Percentyl według liczby udzielonych odpowiedzi
Twoja historia wyników
Nie rozwiązałeś tego quizu